| 000 | 00475nam a2200121Ia 4500 | ||
|---|---|---|---|
| 008 | 170221s9999 xx 000 0 und d | ||
| 100 | _aJohn C. Shaw | ||
| 245 | _aCuriosity as a moderator of explanation effects on counterproductive outcomes | ||
| 245 | _cJohn C. Shaw, Jacksonville University; Matrecia James, Jacksonville University. | ||
| 260 | _bJournal of Management and Marketing Research | ||
| 650 | _xBusiness | ||
| 856 | _uhttp://www.aabri.com/manuscripts/121222.pdf | ||
| 999 |
_c307522 _d307522 |
||